[Event "ISR-ch"]
[Site "Tel Aviv"]
[Date "1982.05.29"]
[Round "6"]
[White "Lederman, Leon S"]
[Black "Magen, Avraham"]
[Result "1-0"]
[WhiteElo "2415"]
[BlackElo "2210"]
[PlyCount "41"]
[EventDate "1982.05.23"]
[EventType "tourn"]
[EventRounds "11"]
[EventCountry "ISR"]
[SourceTitle "EXT 2024"]
[Source "ChessBase"]
[SourceDate "2023.10.10"]
[SourceVersion "1"]
[SourceVersionDate "2023.10.10"]
[SourceQuality "1"]

1. e4 e5 2. Nf3 Nc6 3. Bb5 f5 4. Nc3 Nd4 5. Ba4 Nf6 6. 0-0 fxe4 7. Nxd4 exd4 8. Nxe4 Be7 9. Nxf6+ Bxf6 10. Re1+ Kf8 11. b4 c6 12. b5 Kf7 13. Ba3 g6 14. Bd6 cxb5 15. Bb3+ Kg7 16. Qf3 a5 17. Re7+ Bxe7 18. Qf7+ Kh6 19. Bxe7 Qb6 20. Qf4+ Kg7 21. Qe5+ 1-0